Engineering mechanics: dynamics

Saved in:
Bibliographic Details
Main Author: HIBELER, R. C.
Format: Book
Language:English
Published: Pearson Education, 2017.
Tags: Add Tag
No Tags, Be the first to tag this record!

MARC

LEADER 00000nam a22000007a 4500
008 210126b ||||| |||| 00| 0 eng d
020 |a 978-1-292 – 08872-3 
100 |a HIBELER, R. C. 
245 |a Engineering mechanics:   |b dynamics  |c R.C. Hibbeler  |g xiii, 762.; ill 
250 |b 14th ed.  
260 |b Pearson Education,   |c 2017.  |h Harlow, England:   |i 690939   |i  690940,   |l TA352 .H52  |m Dynamics. 
500 |a “It includes index”. 
942 |a lcc  |c BK  |e Adeniran, F. A  |f 26/01/2021 
952 |0 0  |1 0  |2 lcc  |4 0  |6 TA0352 H52  |7 0  |9 1963  |a HOL  |b HOL  |c QZ  |d 2021-01-26  |l 0  |o TA352 .H52  |p 2021-5824  |r 2021-01-26 00:00:00  |w 2021-01-26  |y BK 
952 |0 0  |1 0  |2 lcc  |4 0  |6 TA0352 H52  |7 0  |9 1964  |a HOL  |b TL  |c QZ  |d 2021-01-26  |l 0  |o TA352 .H52  |p 2021-5825  |r 2021-01-26 00:00:00  |w 2021-01-26  |y BK 
999 |c 1027  |d 1027